000 00607cam a22002171 4500
001 000008066
005 20200929154422.0
008 741015s1963 xx 000 0 spa
040 _aDO-SdBNP
_cOAU
_dDLC
042 _apremarc
082 _aM863.64
_bO87c
100 0 _aOtaola.
_921975
245 1 3 _aEl cortejo.
260 _aMéxico :
_bJoaquín Mortiz,
_c1963.
300 _a368 p. ;
_c20 cm.
490 0 _aNovelistas contemporaneos
650 4 _aNovela méxicana
_93959
650 4 _aLiteratura méxicana
_91922
830 0 _aNovelistas contemporaneos
_911918
910 _aCatalogación por copia / LC
999 _c7843
_d7843